Datum a čas kvízu
31.5
Celkem bodů
Celkový počet nahraných bodů na tomto kvízu bez doplňovacích otázek.
5.
Pořadí na kvízu
Konečné umístění týmu na tomto kvízu.
Zaznamenané odpovědi
| # | Otázka | Odpověď | Body | Výsledky |
|---|---|---|---|---|
| 1. | Která sázková společnost posla... | Fortuna | 1 | |
| 2. | Minulý týden došlo v Africe ke... | Gabon | 1 | |
| 3. | Ve středu byl v jistém městě n... | Benátky (Venezia), Zlatý lev | 0.5 | |
| 4. | Společnost Agrofert minulý týd... | Synthesia, Mafra, LONDA | 1 | |
| 5. | V pátek se v Monaku konalo los... | (Glasgow) Rangers, AS Řím | 1 | |
| 6. | Představte si, že celý život s... | Zrození Planety opic | 0 | |
| 7. | Na fotografii je zobrazen John... | Sloní muž (The Elephant Man) | 1 | |
| 8. | Ron Perlman a David Harbour se... | Hellboy | 1 | |
| 9. | Na této fotografii je Doug Jon... | Tvář vody | 0 | |
| 10. | Napište jméno herce, který byl... | Benedict Cumberbatch | 0 |